000 00629nam a2200241 a 4500
001 nice12345678
003 IN_TiNIC
005 20260116013100.0
008 050524s1998 cama grp 000 0 eng
020 _a0521754
_c14.95
082 0 0 _a305.42094
_bBUL
100 _aBulbeck, Chilla
245 _aRe-Orienting Western Feminisms
260 _aCambridge
_bCambridge University Press
_c1998
300 _a270p
500 _aincludes index and biblioraphy
505 2 _aAppendix, Bibliography, Index
650 _aWomen-Europe
700 1 _aBulbeck, Chilla
902 _bSRS
942 _cBK
999 _c9574
_d9574